000 01089nam a22001937a 4500
005 20260127150540.0
008 230718b ||||| |||| 00| 0 eng d
040 _cSSBUL
_dSSBUL
082 _223
_a၈၉၅.၈၉ ဗိုလ် ၁၉၁၂၀ (S-SAT)
245 0 0 _aဗိုလ်ချုပ်မှူးကြီးစောမောင် မိန့်ကြားသည့်မိန့်ခွန်း /
250 _aဒုတိယအကြိမ်။
260 _aရန်ကုန်၊
_bကြေးမုံသတင်းစာတိုက်၊
_c၁၉၉၁။
300 _a၇၁ စာမျက်နှာ၊
_bဓာတ်ပုံများ၊
_c၂၃ စင်တီ။
500 _aS-SAT: Dr. Prof Sai Aung Tun
650 _aမြန်မာမိန့်ခွန်းများ။
_927776
650 _aမိန့်ခွန်းများ။
_927777
650 _aနိုင်ငံတော်ငြိမ်ဝပ်ပိပြားမှု တည်ဆောက်ရေးအဖွဲ့။
_928110
942 _2ddc
_cBK1
999 _c27295
_d27295